00567nam a2200169Ia 4500008004100000100002600041245007600067245002600143260005900169260000900228300000900237650001800246650001500264856002600279999001900305952007300324170221s9999 xx 000 0 und d aDilek Özhan Koçak 4aThe Lack of Collective Memory and Identity Construction in Cyberspace  cDilek Özhan Koçak bOnline Journal of Communication and Media Technologies c2016 a15 : xCommunication xMedia Arts uhttp://www.ojcmt.net/ c312982d312982 001040aCLbCLd2017-02-21l0r2017-02-21 00:00:00w2017-02-21yFOJ